Nuevas opciones de abastecimiento de agua potable y análisis hidráulico operacional del Acueducto de Puerto Viejo de Talamanca
Spremljeno u:
| Glavni autor: | |
|---|---|
| Format: | Knjiga |
| Izdano: |
San Pedro de Montes de Oca, [C.R.]
2003
|
| Teme: | |
| Oznake: |
Dodaj oznaku
Bez oznaka, Budi prvi tko označuje ovaj zapis!
|
MARC
| LEADER | 00000nam a2200000Ia 4500 | ||
|---|---|---|---|
| 003 | 009239 | ||
| 005 | 20221231144145.0 | ||
| 008 | 140114s9999 xx 000 ||s d | ||
| 040 | |c cru CEDI | ||
| 090 | |a TFG 4778 | ||
| 100 | |a Cordero Quiros, Felipe Arturo |9 6825 | ||
| 245 | |a Nuevas opciones de abastecimiento de agua potable y análisis hidráulico operacional del Acueducto de Puerto Viejo de Talamanca | ||
| 260 | |c 2003 |a San Pedro de Montes de Oca, [C.R.] | ||
| 300 | |a vii, 117, [69] hojas : ilustraciones a color + 2 mapas plegables | ||
| 500 | |a Proyecto de graduación (licenciatura en ingeniería civil)--Universidad de Costa Rica, Facultad de Ingeniería, Escuela de Ingeniería Civil | ||
| 650 | |x SUMINISTRO DE AGUA |x AGUA POTABLE |x CONTROL DE CALIDAD |x ACUEDUCTOS |x ACUIFEROS |x PUERTO VIEJO (COSTA RICA) |9 6826 | ||
| 942 | |c TFG | ||
| 999 | |c 17705 |d 17705 | ||
